Procedimientos operativos estandarizados y responsabilidad penal de la persona jurd̕ica

Bibliographic Details
Other Authors: Palma Herrera, Jos ̌Manuel, Gonzl̀ez Tapia, Ma. Isabel, Gonzl̀ez Rus, Juan Još
Format: Book
Language:Spanish
Published: Madrid : Dykinson, 2014
Subjects:
Online Access:Acceso restringido

MARC

LEADER 00000nam a2200000 a 4500
005 20150515150638.0
007 cr |||||||||||
008 150511s2014 sp 000 0 spa c
020 |a 9788490851975  
035 |a 12692 
040 |a vLex 
080 |a 343.53(460) 
090 |c 5424  |d 5424 
245 0 0 |a Procedimientos operativos estandarizados y responsabilidad penal de la persona jurd̕ica  |h [Recurs electrṇic] /  |c Jos ̌Manuel Palma Herrera (director) ; M® Isabel Gonzl̀ez Tapia (coordinadora) ; Gonzl̀ez Rus, J.J. ... [et al.] 
256 |a Servicio en ln̕ea 
260 |a Madrid :  |b Dykinson,  |c 2014 
300 |a 1 recurso electrn̤ico 
506 1 |a Contenido disponible en los produtos indicados  |d vLex Global  |d vLex Global (Academic Edition, excluding Law Schools)  |d vLex Global (U.S. Academic Edition, Law Schools)  |d vLex Global (U.S. Academic Edition, excluding Law Schools)  |d vLex Global (Academic Edition, Law Schools) 
650 0 4 |a Personas Jurd̕icas  |x Responsabilidad penal  |z Espaą 
700 1 |a Palma Herrera, Jos ̌Manuel 
700 1 |a Gonzl̀ez Tapia, Ma. Isabel 
700 1 |a Gonzl̀ez Rus, Juan Još 
740 0 |a vLex Libros (Servicio en ln̕ea) 
856 4 0 |z Acceso restringido  |u http://vlex.com/source/procedimientos-operativos-estandarizados-responsabilidad-penal-persona-juridica-12692 
942 |c BOOK